LIBRARY ONLINE CATALOGUE

The Missions addiction / (Record no. 7959)

MARC details
000 -LEADER
fixed length control field 00546nam a22001932 4500
001 - CONTROL NUMBER
control field 0000009538
005 - DATE AND TIME OF LATEST TRANSACTION
control field 20151217152057.0
008 - FIXED-LENGTH DATA ELEMENTS--GENERAL INFORMATION
fixed length control field 081109s xx 000 0 eng d
020 ## - INTERNATIONAL STANDARD BOOK NUMBER
International Standard Book Number 0884197720 :
Terms of availability KES 720
040 ## - CATALOGING SOURCE
Original cataloging agency KABU
Transcribing agency KABU
100 1# - MAIN ENTRY--PERSONAL NAME
Personal name Shibley, David.
-- 0000161169
245 14 - TITLE STATEMENT
Title The Missions addiction /
Statement of responsibility, etc. David Shibley.
260 ## - PUBLICATION, DISTRIBUTION, ETC. (IMPRINT)
Place of publication, distribution, etc. Lake Mary, Florida :
Name of publisher, distributor, etc. Charisma House,
Date of publication, distribution, etc. 2001.
300 ## - PHYSICAL DESCRIPTION
Extent x, 251 p.
650 #0 - SUBJECT ADDED ENTRY--TOPICAL TERM
Topical term or geographic name as entry element Missions.
-- 0000149612
908 ## - PUT COMMAND PARAMETER (RLIN)
Put command parameter 081109
950 ## - LOCAL HOLDINGS (RLIN)
-- 1
Holdings
Withdrawn status Lost status Source of classification or shelving scheme Not for loan Home library Current library Date acquired Total Checkouts Full call number Barcode Date last seen Date last checked out Price effective from Koha item type
    Library of Congress Classification   Kabarak, Main Campus Kabarak, Main Campus 17/12/2015 1 BV2061 .S55 c. 1 15203 02/08/2024 09/09/2022 17/12/2015 General Collection